English 901 : A basic course

Shranjeno v:
Bibliografske podrobnosti
Glavni avtor: Strevens, Peter
Format: Knjiga
Jezik:Undetermined
Izdano: New York Macmillan Publising Co, Inc.
Teme:
Oznake: Označite
Brez oznak, prvi označite!
Thư viện lưu trữ: Trung tâm Học liệu Trường Đại học Cần Thơ
LEADER 00518nam a2200193Ia 4500
001 CTU_120766
008 210402s9999 xx 000 0 und d
082 |a 428.34 
082 |b S915/B.1 
100 |a Strevens, Peter 
245 0 |a English 901 : 
245 2 |b A basic course 
245 0 |c Peter Strevens 
260 |a New York 
260 |b Macmillan Publising Co, Inc. 
650 |a English language 
650 |x Study and teaching 
904 |i M.Loan 
980 |a Trung tâm Học liệu Trường Đại học Cần Thơ